000
00191 a2200097 4500
001
1003
100
_a
Sandeman,
245
_a
Radio engineering
260
_a
_b
Chapman
_c
090
_c
576
_d
576
942
_a
NUST-CAE
_c
M
_c
32222
999
_c
236076
_d
236076